Privatising sustainable forestry : a global review of trends and challenges
Αποθηκεύτηκε σε:
| Κύριος συγγραφέας: | |
|---|---|
| Άλλοι συγγραφείς: | |
| Μορφή: | Βιβλίο |
| Γλώσσα: | English |
| Δημοσίευση: |
London :
International Institute for environmentand Development,
1999
|
| Σειρά: | Instruments for sustainable private sector forestry series
|
| Θέματα: | |
| Ετικέτες: |
Προσθήκη ετικέτας
Δεν υπάρχουν, Καταχωρήστε ετικέτα πρώτοι!
|
MARC
| LEADER | 00000nam a2200000 i 4500 | ||
|---|---|---|---|
| 001 | 1/76252 | ||
| 008 | 080228s1999 eng d | ||
| 035 | |l 10095131 | ||
| 040 | |a GR-MY-UA |b gre |e aacr | ||
| 041 | 0 | |a eng | |
| 082 | 0 | |a 333.7516 |2 (22) | |
| 100 | 1 | |a Landell-Mills, Natasha. | |
| 245 | 1 | 0 | |a Privatising sustainable forestry : |b a global review of trends and challenges / |c Natasha Landell-Mills And Jason Ford |
| 260 | |a London : |b International Institute for environmentand Development, |c 1999 | ||
| 300 | |a iv, 102 σ.; |b πίν.; |c 24 εκ. | ||
| 490 | 1 | |a Instruments for sustainable private sector forestry series | |
| 504 | |a Βιβλιογραφία: σ. 86-89 | ||
| 650 | 0 | 0 | |a Sustainable forestry. |
| 650 | 0 | 0 | |a Privatization. |
| 700 | 1 | |a Ford, Jason. | |
| 830 | 0 | |a Instruments for sustainable private sector forestry series | |
| 852 | |a INST |b LESVOS |e 20080228 |h 333.7516 LAN |p 005100040626 |q 005100040626 |t BK |y 0 | ||
| 901 | |a BIBL1-2008-1 | ||
| 909 | |a Λ |b 145651 | ||
| 922 | |a 1ΕΛΗ |b 200801 |c ΕΠΕΑΕΚ2/ΤΠ |d ΕΛΕΥΘΕΡΟΥΔΑΚΗΣ | ||
| 970 | |a ΧΑΤΖΗΜΙΧΑΗΛ |b ΜΑΡΙΑ |z 2008/02/28 | ||